Noms de famille de la pop culture, de A à Z - Statistiques

Statistiques générales
  • Ce quiz a été pris 233 fois
  • Le résultat moyen est 12 sur 26
Statistiques - réponses
Prénom(s) Noms % Correct
Mercredi ou Pugsley Addams
96%
Donald ou Daisy Duck
94%
Sherlock ou Enola Holmes
94%
Indiana ou Henry Jones
87%
Luke ou Leia Skywalker
79%
Rocky ou Adrian Balboa
78%
Clark ou Martha Kent
67%
Lucius ou Draco Malefoy
67%
Peter ou May Parker
57%
Jeff ou Cathy Tuche
48%
Bruce ou Damian Wayne
48%
Sarah ou John Connor
44%
Charles ou Laura Ingalls
44%
Jaime ou Tywin Lannister
40%
Light ou Seishiro Yagami
34%
Boruto ou Kushina Uzumaki
33%
Scarlett ou Ellen O Hara
25%
Rick ou Carl Grimes
23%
Kirua ou Irumi Zoldik
22%
JR ou Bobby Ewing
21%
Milhouse ou Kirk Van Houten
19%
Charles ou Cassandra Xavier
17%
Rod ou Todd Flanders
13%
Steve ou Joseph Rogers
13%
Glenn ou Crystal Quagmire
2%
Antoine ou Yolande Navarro
1%
Aucun quiz correspondant
Distribution des résultats
% des personnes avec chaque résultat
Percentile par nombre de réponses
Votre historique - résultats
Vous n’avez pas pris ce quiz